00733nam a2200205Ia 4500003000400000005001700004008004100021020001800062040001800080041000800098082002200106100002800128245020000156250001200356260004400368300003000412650002300442650002800465650003400493OSt20251230115021.0210716s2016 xx 000 0 und d a9781784393670 cAIMIT LIBRARY aeng a005.764 21bCHIL aChin, Leo (Liang-Huan). aNumPy essentials: bBoost your scientific and analytic capabilities in no time at all by discovering how to build real world applications with NumPy/cBy Leo (Liang- Huan ) Chin and Tanmay Dutta. a1st ed. aMumbai :bPackt Publishing Ltd ,c2016. aiii,143 p.;bPBc24.5 cm. aUsing numpy arrays aLinear algebra in Numpy aSpeeding up numpy with cython